000 00548nam a2200205Ia 4500
003 GCL
008 140319s9999 xx 000 0 eng d
040 _aGCL /
_cGCL
082 0 4 _a791.4
_bM B
100 1 _aMATALSHI, MARILYS
245 1 0 _aBROADCAST PROGRAMMING AND PROMOTIONS /
_cMATALSHI, MARILYS
700 1 _aMATALSHI, MARILYN
700 1 _aCOLLEGE, BOSTON
260 _a[S.N] :
_bFOCAL PRESS ،
_c1989
300 _a189 P
650 0 4 _aRADIO PROGRAMMING
650 0 4 _aTELEVISION - PROGRAMMING
650 0 4 _aNET WORK
942 _2ddc
_cBK
999 _c20432
_d20432